Osobní a rodinné finance
Gespeichert in:
| 1. Verfasser: | |
|---|---|
| Weitere Verfasser: | |
| Format: | Buch |
| Sprache: | Tschechisch |
| Veröffentlicht: |
Praha
GRADA Publishing
2003
|
| Schriftenreihe: | Osobní a rodinné finance
|
| Schlagworte: | |
| Tags: |
Keine Tags, Fügen Sie das erste Tag hinzu!
|
MARC
| LEADER | 00000nam a2200000 4500 | ||
|---|---|---|---|
| 001 | c143035 | ||
| 005 | 20221124084801.4 | ||
| 020 | |a 80-247-0478-1 | ||
| 041 | 0 | |a cze | |
| 044 | |a CZ | ||
| 245 | 1 | 0 | |a Osobní a rodinné finance |c Petr Syrový, Martin Novotný |
| 264 | 1 | |a Praha |b GRADA Publishing |c 2003 | |
| 300 | |a 171 s. | ||
| 490 | 1 | |a Osobní a rodinné finance | |
| 830 | 0 | |a Osobní a rodinné finance | |
| 610 | 2 | 0 | |a financie |
| 610 | 2 | 0 | |a rodina |
| 610 | 2 | 0 | |a plánovanie finančné |
| 610 | 2 | 0 | |a sporenie obyvateľstva |
| 610 | 2 | 0 | |a investovanie |
| 610 | 2 | 0 | |a pôžičky |
| 610 | 2 | 0 | |a úver |
| 610 | 2 | 0 | |a poistenie |
| 610 | 2 | 0 | |a bývanie |
| 610 | 2 | 0 | |a poradenstvo |
| 100 | 1 | |a Syrový, Petr | |
| 700 | 1 | |a Novotný, Martin | |